000 01229nam a2200241Ia 4500
003 Ost
005 20260507074905.0
008 260507s9999||||xx |||||||||||||| ||und||
040 _cfsecg
041 _aara
082 _a657.45
100 _aالقباني، ثناء علي
_eمؤلف
245 0 _aالمراجعة الداخلية في ظل التشغيل الإلكتروني /
_c ثناء علي القباني
260 _aالإسكندرية:
_bالدار الجامعية للنشر,
_c2006
300 _a208 صفحة؛
_bإيضاحات ؛
_c24 سم
504 _aببليوغرافيا: ص.203
520 _aالمراجعة الداخلية ومراحل تطورها، معايير المراجعة الداخلية وأثر التشغيل الإلكتروني عليها، مقومات المراجعة الداخلية، أثر التشغيل الإلكتروني على الرقابة الداخلية، طرق المراجعة الداخلية في ظل التشغيل الإلكتروني
653 _aالرقابة
653 _aالمحاسبة
653 _aمراجعة الحسابات
700 _aالسواح، نادر شعبان ابراهيم
_eمؤلف ثانوي
942 _cكتاب
999 _c41694
_d41694